000 00767nam a2200253Ia 4500
003 OSt
005 20220918213729.0
006 a|||||r|||| 00| 0
007 ta
008 220917b |||||||| |||| 00| 0 eng d
024 _a133,990
037 _cTextual
040 _aARTS
_cARTS
_beng
041 _2eng
_aeng
082 _aX:744:(B281), M0
100 _aMoore Geoffrey H
_9128164
245 0 _aBusiness cycles, inflation, and forecasting
260 _aCambridge
_bNational Breau of Economic Research
_c1980
300 _axxii,461p. illus
_ccm.
490 _aNational Breau of economic research studies in business cycles; 24
650 _aECONOMICS
942 _hX:744:(B281), M0
_cTEXL
_2CC
999 _c257095
_d257095